00777nam a2200229 c 4500001000900000003000900009005001700018008004100035020001800076040002800094041000800122082001600130100003500146245009900181260011300280300004600393490001800439490001400457650001500471650003700486700002400523a5217599CO-ViMGA20230915234536.0120607s2011 sp a | |||| 000 1 spa  a9788498858761 aCO-ViMGAbspacCO-ViMGA1 heng04a741.5bS87u1 aStraczynski, J. Michaeld1954-10aUn día más /cStraczynski [guión] ; Quesada [dibujo] ; [traducción, Santiago García] aTorroella de Montgrí, GironabPanini España ;aBarcelonabdistribución, Sd distribucionescD.L. 2011. a[144] p.bprincipalmente il. col.c27 cm.0 aMarvel deluxe0 aSpiderman14aComics 14aTiras comicas, historietas, etc.1 aQuesada, Joed1962-